000 00281 a2200097 4500
082 _a624 SHA
100 _aSHarma,S.C
245 _aConstruction Equipment and its Management /
_cS.C.Sharma
260 _aNew Delhi :
_cKhanna Publishers,
_b2009
300 _a893p. :
_bill. ;
_c24cm
650 _aConstruction management
999 _c2289
_d2289